Flagi krajów na świecie - Statystyki

Ogólne statystyki
  • Ten quiz został rozwiązany 22 razy
  • Średni wynik to 4 z 7
Statystyki odpowiedzi
Obrazkowy Odpowiedź % Poprawnych
Niemcy
86%
Meksyk
79%
Francja
64%
Stany zjednoczone
64%
Indie
50%
Chiny
43%
Bahamy
36%
Nie znaleziono quizów pasujących do podanych kryteriów
Rozkład punktacji
Procent ludzi z każdym wynikiem
Percentyl według liczby udzielonych odpowiedzi
Twoja historia wyników
Nie rozwiązałeś tego quizu